| 000 | 00610nam a2200229Ia 4500 | ||
|---|---|---|---|
| 003 | OSt | ||
| 005 | 20221007082022.0 | ||
| 006 | a|||||r|||| 00| 0 | ||
| 007 | ta | ||
| 008 | 221006b |||||||| |||| 00| 0 eng d | ||
| 024 | _a30,094 | ||
| 037 | _cTextual | ||
| 040 |
_aFLL _cFLL _beng |
||
| 041 |
_2eng _aeng |
||
| 082 | _aZ0aW:1, L6 | ||
| 100 |
_aWeisstub David N. Ed. _9698509 |
||
| 245 | 0 | _aLaw and policy | |
| 260 |
_aToronto _bOsgoode Hall Law School Toronto _c1976 |
||
| 300 |
_axi,175p _ccm. |
||
| 942 |
_hZ0aW:1, L6 _cTEXL _2CC |
||
| 999 |
_c1165053 _d1165053 |
||